Normal view
MARC view
- IMAGE PROCESSING - DOIGOITSAL TECHNIQUES, HOLOGRAPHY- DATA PROCESSING, SIGNAL PROCESSING- DIGITAL TECHNIQUE
Entry Topical Term
001 - CONTROL NUMBER
- control field: 60595
003 - CONTROL NUMBER IDENTIFIER
- control field: NUST
005 - DATE AND TIME OF LATEST TRANSACTION
- control field: 20210628202559.0
008 - FIXED-LENGTH DATA ELEMENTS
- fixed length control field: 210628|| aca||aabn | a|a d
040 ## - CATALOGING SOURCE
- Original cataloging agency: NUST
- Transcribing agency: NUST
150 ## - HEADING--TOPICAL TERM
- Topical term or geographic name entry element: IMAGE PROCESSING - DOIGOITSAL TECHNIQUES, HOLOGRAPHY- DATA PROCESSING, SIGNAL PROCESSING- DIGITAL TECHNIQUE
670 ## - SOURCE DATA FOUND
- Source citation: Work cat.: (NUST): Bose, Tamal 60594, Digital signal and image processing, 2003
